Make Good Australia (Record no. 121686)
[ view plain ]
| 000 -LEADER | |
|---|---|
| fixed length control field | 01657nad a22003015a 4500 |
| 008 - FIXED-LENGTH DATA ELEMENTS--GENERAL INFORMATION | |
| fixed length control field | 231026s2023 at fo 000 0 eng d |
| 020 ## - INTERNATIONAL STANDARD BOOK NUMBER | |
| International Standard Book Number | 9781783215027 |
| 035 ## - SYSTEM CONTROL NUMBER | |
| System control number | (Sirsi) u159435 |
| 041 0# - LANGUAGE CODE | |
| Language code of text/sound track or separate title | eng |
| 110 2# - MAIN ENTRY--CORPORATE NAME | |
| Corporate name or jurisdiction name as entry element | Royal Institution of Chartered Surveyors |
| 9 (RLIN) | 4900 |
| 245 00 - TITLE STATEMENT | |
| Title | Make Good Australia |
| Medium | [electronic resource] |
| 250 ## - EDITION STATEMENT | |
| Edition statement | 3rd ed. |
| 260 ## - PUBLICATION, DISTRIBUTION, ETC. | |
| Place of publication, distribution, etc. | London, |
| Name of publisher, distributor, etc. | RICS, |
| Date of publication, distribution, etc. | October 2023 |
| 300 ## - PHYSICAL DESCRIPTION | |
| Extent | 42p. |
| 490 #0 - SERIES STATEMENT | |
| Series statement | RICS Practice Information |
| 520 ## - SUMMARY, ETC. | |
| Summary, etc. | This document has been written for property professionals involved in make-good works in Australia (known as dilapidations in the UK). It deals primarily with commercial and industrial premises and provides advice to lessors and lessees regarding their legal obligations to repair, decorate or reinstate leased premises. Sample checklists and schedule templates have been provided in the appendices, including a Recommended form of the Scott schedule (Appendix E) which can be downloaded as a Word document. |
| 520 ## - SUMMARY, ETC. | |
| Summary, etc. | Supersedes 2nd edition ISBN 9781783211951 |
| 521 ## - TARGET AUDIENCE NOTE | |
| Target audience note | Advanced |
| 650 24 - SUBJECT ADDED ENTRY--TOPICAL TERM | |
| Topical term or geographic name entry element | DILAPIDATIONS |
| 650 24 - SUBJECT ADDED ENTRY--TOPICAL TERM | |
| Topical term or geographic name entry element | LEASE OBLIGATIONS |
| 650 24 - SUBJECT ADDED ENTRY--TOPICAL TERM | |
| Topical term or geographic name entry element | REINSTATEMENT |
| 651 #4 - SUBJECT ADDED ENTRY--GEOGRAPHIC NAME | |
| Geographic name | Australia |
| 690 ## - LOCAL SUBJECT ADDED ENTRY--TOPICAL TERM (OCLC, RLIN) | |
| Topical term or geographic name as entry element | Landlord and tenant |
| 9 (RLIN) | 6252 |
| 690 ## - LOCAL SUBJECT ADDED ENTRY--TOPICAL TERM (OCLC, RLIN) | |
| Topical term or geographic name as entry element | Commercial property |
| 9 (RLIN) | 6227 |
| 856 40 - ELECTRONIC LOCATION AND ACCESS | |
| Uniform Resource Identifier | <a href="https://www.rics.org/profession-standards/rics-standards-and-guidance/sector-standards/building-surveying-standards/make-good-australia-3rd-edition-october-2023">https://www.rics.org/profession-standards/rics-standards-and-guidance/sector-standards/building-surveying-standards/make-good-australia-3rd-edition-october-2023</a> |
| Public note | Available on RICS.org |
| 856 40 - ELECTRONIC LOCATION AND ACCESS | |
| Uniform Resource Identifier | <a href="https://www.rics.org/content/dam/ricsglobal/documents/standards/appendix-e-recommended-form-of-scott-schedule.docx">https://www.rics.org/content/dam/ricsglobal/documents/standards/appendix-e-recommended-form-of-scott-schedule.docx</a> |
| Public note | Word format of Appendix E Scott Schedule |
| 942 ## - ADDED ENTRY ELEMENTS (KOHA) | |
| Suppress in OPAC | 0 |
| Source of classification or shelving scheme | Dewey Decimal Classification |
| Withdrawn status | Lost status | Source of classification or shelving scheme | Damaged status | Not for loan | Home library | Current library | Shelving location | Date acquired | Total Checkouts | Date last seen | Price effective from | Koha item type |
|---|---|---|---|---|---|---|---|---|---|---|---|---|
| Dewey Decimal Classification | Virtual | Virtual | Online | 26/10/2023 | 26/10/2023 | 26/10/2023 | Online material |